Innovation explosion : Using intellect and software to revolutionize growth strategies

"Innovation Explosion" speaks directly to managers, entrepreneurs, government policymakers, and academics

保存先:
書誌詳細
第一著者: Quin, James Brian
フォーマット: 図書
言語:Undetermined
出版事項: New York The Free Press 1997
主題:
タグ: タグ追加
タグなし, このレコードへの初めてのタグを付けませんか!
Thư viện lưu trữ: Trung tâm Học liệu Trường Đại học Cần Thơ
LEADER 00750nam a2200205Ia 4500
001 CTU_219630
008 210402s9999 xx 000 0 und d
082 |a 658.4063 
082 |b Q7 
100 |a Quin, James Brian 
245 0 |a Innovation explosion : 
245 0 |b Using intellect and software to revolutionize growth strategies 
245 0 |c James Brian Quinn, Jordan J. Baruch, Karen Anne Zien 
260 |a New York 
260 |b The Free Press 
260 |c 1997 
520 |a "Innovation Explosion" speaks directly to managers, entrepreneurs, government policymakers, and academics 
650 |a Technological innovations,Đổi mới công nghệ 
904 |i Nguyên 
980 |a Trung tâm Học liệu Trường Đại học Cần Thơ